000 01212nam2a22002651 4500
001 rc\3607299
005 20130115143450.0
035 _a(NLR Aleph) 007710240
090 _a6842154
_c6842154
100 _a20130115d1972 |||y0rusy50 ca
101 0 _arus
102 _aRU
105 _ay e |||||
200 1 _aГруппа слов со значением грамотный/неграмотный
210 _aМосква
_cБ. и.
_d1972
215 _a33 с.
225 1 _a...
_vВып. 28
423 0 _11010#$arus
_12001#$a3 словарных статьи: вы, ты, лечить
_153211$aТри словарных статьи: вы, ты, лечить
_1700#1$aАпресян$bЮ.Д.
_1701#1$aЖолковский$bА.К.
_1701#1$aМельчук$bИ.А.
461 0 _1001rc\3607298
_12001#$aМатериалы к толково-комбинаторному словарю русского языка$e1-$fИн-т рус. яз. АН СССР. Проблемная группа по эксперим. и прикладной лингвистике$v1
700 1 _aКоссек
_bН. В.
801 0 _aRU
_bNLR
_gpsbo
801 1 _aRU
_bELAR
_2rusmarc
852 _aNLR
_jП34/521
942 _cBOOK
980 _aNB